[Event "AUT-chT2W 1213"]
[Site "Austria"]
[Date "2013.03.09"]
[Round "10.3"]
[White "Gauss, Gustav"]
[Black "Hanel, Reinhard"]
[Result "1/2-1/2"]
[WhiteElo "2145"]
[BlackElo "2286"]
[PlyCount "98"]
[EventDate "2012.10.05"]
[EventType "team-tourn"]
[EventRounds "11"]
[EventCountry "AUT"]
[SourceTitle "EXT 2014"]
[Source "ChessBase"]
[SourceDate "2013.11.20"]
[SourceVersion "1"]
[SourceVersionDate "2013.11.20"]
[SourceQuality "1"]
[WhiteTeam "Goetzis"]
[BlackTeam "Mozart"]
[WhiteTeamCountry "AUT"]
[BlackTeamCountry "AUT"]

1. d4 Nf6 2. Nc3 d5 3. Bg5 Nbd7 4. f3 c5 5. e4 cxd4 6. Bxf6 dxc3 7. Bxc3 dxe4 8. fxe4 a6 9. Bc4 Qc7 10. Qe2 e6 11. Nf3 b5 12. Bb3 Bb7 13. 0-0 Nc5 14. Be5 Qc6 15. Bd5 exd5 16. exd5 Qxd5 17. Bxg7+ Ne4 18. Rad1 Bc5+ 19. Kh1 Qh5 20. Bxh8 Kf8 21. Qe1 Re8 22. Bd4 Bd6 23. Qh4 Qg6 24. c3 Be7 25. Qf4 Bd6 26. Be5 Bc5 27. Bd4 Bd6 28. Ne5 Bxe5 29. Bxe5 Nxc3 30. Qxf7+ Qxf7 31. Rxf7+ Kxf7 32. Bxc3 Be4 33. Kg1 Rc8 34. Rd4 Bf5 35. a4 bxa4 36. Rxa4 Rc6 37. Ra5 Bd3 38. Rd5 Bc4 39. Rd7+ Kg6 40. Rg7+ Kh6 41. Rg4 Kh5 42. Rg7 Bd3 43. h3 Kh6 44. Rg8 Bg6 45. Kf2 Kg5 46. Rf8 Rd6 47. g3 Bf5 48. Rg8+ Bg6 49. Rf8 Bf5 1/2-1/2

[Event "AUT-chT2W 1213"]
[Site "Austria"]
[Date "2012.10.07"]
[Round "3.3"]
[White "Hanel, Reinhard"]
[Black "Brumen, Dinko"]
[Result "1/2-1/2"]
[WhiteElo "2286"]
[BlackElo "2357"]
[PlyCount "124"]
[EventDate "2012.10.05"]
[EventType "team-tourn"]
[EventRounds "11"]
[EventCountry "AUT"]
[SourceTitle "EXT 2013"]
[Source "ChessBase"]
[SourceDate "2012.11.22"]
[SourceVersion "1"]
[SourceVersionDate "2012.11.22"]
[SourceQuality "1"]
[WhiteTeam "Mozart"]
[BlackTeam "Schwarzach"]
[WhiteTeamCountry "AUT"]
[BlackTeamCountry "AUT"]

1. c4 e6 2. Nf3 Nf6 3. g3 d5 4. Bg2 Be7 5. d4 0-0 6. 0-0 dxc4 7. Qc2 a6 8. a4 Bd7 9. Qxc4 Bc6 10. Bf4 a5 11. Nc3 Na6 12. Rfe1 Nb4 13. Rac1 Nbd5 14. Ne5 Nxf4 15. Nxc6 Nxe2+ 16. Rxe2 bxc6 17. Bxc6 Rb8 18. Nb5 Bd6 19. Bf3 Nd7 20. Qc3 Qf6 21. Bc6 Bb4 22. Qd3 Nb6 23. Nxc7 Rbd8 24. Nb5 Nxa4 25. Bg2 Rc8 26. Rec2 Rxc2 27. Rxc2 Qf5 28. Qe2 Nb6 29. Be4 Qg5 30. h4 Qd8 31. Qd3 h6 32. Nc7 Bd6 33. Nb5 Bb4 34. Rc7 Nd5 35. Ra7 Qb6 36. Qc4 Rb8 37. Bd3 Qd8 38. Ra6 Rc8 39. Rc6 Rxc6 40. Qxc6 Bf8 41. Bc4 Nf6 42. Qf3 Qc8 43. Qe2 Bb4 44. b3 Qc6 45. f3 Nd5 46. Kh2 Nc3 47. Nxc3 Bxc3 48. Qd3 Be1 49. f4 Qd6 50. d5 exd5 51. Bxd5 Qe7 52. Bc4 Bb4 53. Qd5 g6 54. h5 gxh5 55. Qxh5 Kg7 56. Qg4+ Kf8 57. Qf5 Kg7 58. Kh3 Qf6 59. Qd7 h5 60. Be2 Qe6+ 61. Qxe6 fxe6 62. Bxh5 Bd2 1/2-1/2

[Event "AUT-chT2W 1011"]
[Site "Austria"]
[Date "2010.10.16"]
[Round "2.3"]
[White "Hanel, Reinhard"]
[Black "Hrvacic, Pavle"]
[Result "1/2-1/2"]
[WhiteElo "2275"]
[BlackElo "2266"]
[PlyCount "131"]
[EventDate "2010.10.15"]
[EventType "team-tourn"]
[EventRounds "11"]
[EventCountry "AUT"]
[SourceTitle "EXT 2011"]
[Source "ChessBase"]
[SourceDate "2010.11.26"]
[SourceVersion "1"]
[SourceVersionDate "2010.11.26"]
[SourceQuality "1"]
[WhiteTeam "Mozart"]
[BlackTeam "Schwarzach"]
[WhiteTeamCountry "AUT"]
[BlackTeamCountry "AUT"]

1. c4 g6 2. Nc3 Bg7 3. Nf3 d6 4. d4 Nd7 5. g3 e5 6. Bg2 Ne7 7. 0-0 0-0 8. e4 exd4 9. Nxd4 Nc6 10. Nxc6 bxc6 11. Qc2 a5 12. Rb1 Rb8 13. Bd2 Nc5 14. Na4 Nb7 15. c5 dxc5 16. Rfd1 Bd4 17. Bc3 Qf6 18. Bxd4 cxd4 19. Nc5 Rd8 20. Na6 Ra8 21. Nxc7 Ra7 22. e5 Qxe5 23. Qxc6 Bd7 24. Qb6 Qc5 25. Nd5 Qxb6 26. Nxb6 Be6 27. Rbc1 Rd6 28. Nc8 Bxc8 29. Rxc8+ Nd8 30. Bh3 Kg7 31. Rc4 f5 32. Rcxd4 Rxd4 33. Rxd4 Nc6 34. Rd1 Ne5 35. f4 Nf7 36. Bg2 Rc7 37. b3 Kf6 38. Rd5 Ra7 39. Bf1 Ke7 40. Bc4 Nd6 41. Re5+ Kd8 42. Bd3 Kd7 43. Kf2 Nf7 44. Rc5 Nd8 45. Bc4 Kd6 46. Rd5+ Ke7 47. a3 Nf7 48. Ke3 Nd6 49. Bd3 Rb7 50. Bc2 a4 51. bxa4 Nc4+ 52. Kd4 Nxa3 53. Bd3 Rb4+ 54. Kc3 Rxa4 55. Kb3 Ra7 56. Kb4 Ke6 57. Rc5 Kd6 58. Rc3 Nb1 59. Rc1 Rb7+ 60. Ka4 Ra7+ 61. Kb5 Nd2 62. Rd1 Ra2 63. Bc4 Rb2+ 64. Ka4 Kc5 65. Bg8 Ne4 66. Rc1+ 1/2-1/2

[Event "Oberwart op"]
[Site "Oberwart"]
[Date "2002.07.10"]
[Round "6"]
[White "Hanel, Reinhard"]
[Black "Fercec, Nenad"]
[Result "0-1"]
[WhiteElo "2326"]
[BlackElo "2494"]
[PlyCount "44"]
[EventDate "2002.07.05"]
[EventType "swiss"]
[EventRounds "9"]
[EventCountry "AUT"]
[SourceTitle "CBM 089 Extra"]
[Source "ChessBase"]
[SourceDate "2002.09.10"]
[SourceVersion "2"]
[SourceVersionDate "2002.09.10"]
[SourceQuality "1"]

1. c4 e5 2. Nc3 Nf6 3. Nf3 Nc6 4. e3 Bb4 5. Qc2 d6 6. a3 Bxc3 7. Qxc3 a5 8. b3 Bg4 9. Bb2 0-0 10. d3 Bxf3 11. gxf3 d5 12. cxd5 Nxd5 13. Qc2 Re8 14. Rg1 Re6 15. Rg4 h5 16. Rg1 Nd4 17. exd4 exd4+ 18. Kd1 Qf6 19. Bg2 Nf4 20. Bh1 Rae8 21. Qc4 Qg5 22. Rf1 Qe5 0-1

[Event "AUT-chT qual 02"]
[Site "Absam"]
[Date "2002.04.12"]
[Round "1.3"]
[White "Hanel, Reinhard"]
[Black "Arnold, Lothar"]
[Result "1/2-1/2"]
[WhiteElo "2337"]
[BlackElo "2355"]
[PlyCount "48"]
[EventDate "2002.04.12"]
[EventType "team"]
[EventRounds "3"]
[EventCountry "AUT"]
[SourceTitle "EXT 2003"]
[Source "ChessBase"]
[SourceDate "2002.11.25"]
[SourceVersion "1"]
[SourceVersionDate "2002.11.25"]
[SourceQuality "1"]
[WhiteTeam "Salzburg Wuestenrot"]
[BlackTeam "Trofaiach Niklasdorf"]
[WhiteTeamCountry "AUT"]
[BlackTeamCountry "AUT"]

1. c4 e5 2. Nc3 Nf6 3. Nf3 Nc6 4. e3 Bb4 5. Qc2 Bxc3 6. Qxc3 Qe7 7. a3 d5 8. d4 exd4 9. Nxd4 Nxd4 10. Qxd4 c5 11. Qh4 dxc4 12. Bxc4 Be6 13. b3 Bxc4 14. Qxc4 0-0 15. Bb2 Rfd8 16. 0-0 b6 17. Rfd1 Rxd1+ 18. Rxd1 Rd8 19. Qc2 h6 20. h3 Rd6 21. Rxd6 Qxd6 22. Qc3 Qd1+ 23. Kh2 Qd6+ 24. Kh1 Qd1+ 1/2-1/2

[Event "AUT-chT2M 0102"]
[Site "Austria"]
[Date "2002.01.12"]
[Round "6.2"]
[White "Hanel, Reinhard"]
[Black "Brandstaetter, Friedrich"]
[Result "1-0"]
[WhiteElo "2321"]
[BlackElo "2229"]
[PlyCount "71"]
[EventDate "2001.11.02"]
[EventType "team"]
[EventRounds "11"]
[EventCountry "AUT"]
[SourceTitle "EXT 2003"]
[Source "ChessBase"]
[SourceDate "2002.11.25"]
[SourceVersion "1"]
[SourceVersionDate "2002.11.25"]
[SourceQuality "1"]

1. c4 e5 2. Nc3 Nc6 3. Nf3 Nf6 4. e3 Bb4 5. Qc2 0-0 6. Be2 Re8 7. 0-0 d6 8. a3 Bxc3 9. Qxc3 Bf5 10. b4 Qd7 11. Bb2 Ne7 12. d3 Ng6 13. Nd2 h6 14. Rfe1 c6 15. e4 Be6 16. d4 Rac8 17. g3 Bh3 18. f3 h5 19. Nf1 h4 20. Ne3 Nh7 21. Rad1 Qc7 22. c5 dxc5 23. dxc5 Rcd8 24. Nc4 Rxd1 25. Rxd1 Nhf8 26. Nd6 Re7 27. f4 Bc8 28. f5 Nh8 29. Qf3 Nd7 30. g4 b5 31. g5 Nf8 32. Rd3 Bd7 33. Qh5 g6 34. Qxh4 gxf5 35. exf5 e4 36. Qxh8# 1-0

[Event "AUT-chT2M 0001"]
[Site "Austria"]
[Date "2001.??.??"]
[Round "6"]
[White "Hanel, Reinhard"]
[Black "Brandstaetter, Friedrich"]
[Result "1/2-1/2"]
[WhiteElo "2340"]
[BlackElo "2175"]
[PlyCount "127"]
[EventDate "2000.??.??"]
[EventType "team"]
[EventRounds "9"]
[EventCountry "AUT"]
[SourceTitle "EXT 2003"]
[Source "ChessBase"]
[SourceDate "2002.11.25"]
[SourceVersion "1"]
[SourceVersionDate "2002.11.25"]
[SourceQuality "1"]

1. c4 e5 2. Nc3 Nc6 3. Nf3 Nf6 4. e3 Bb4 5. Qc2 0-0 6. a3 Bxc3 7. Qxc3 Re8 8. b4 d5 9. cxd5 Nxd5 10. Qc5 Bg4 11. Bb2 Qd6 12. Rc1 Rad8 13. Bb5 Bxf3 14. Qxd6 Rxd6 15. gxf3 f6 16. Bxc6 bxc6 17. Ke2 Rb8 18. Rc5 Nb6 19. Ba1 Nc8 20. Rhc1 Rb6 21. Ra5 Kf7 22. d4 exd4 23. Bxd4 Rb7 24. Rac5 Ne7 25. R5c4 Re6 26. Bc5 Nd5 27. Bd4 Ne7 28. Kf1 f5 29. Rc5 g6 30. b5 cxb5 31. Rxc7 Rxc7 32. Rxc7 a6 33. Bc5 g5 34. Ra7 Re5 35. Bxe7 Rxe7 36. Rxa6 Rb7 37. Ra5 Kg6 38. Ra6+ Kg7 39. Kg2 b4 40. axb4 Rxb4 41. Rd6 Ra4 42. Rd4 Ra1 43. h4 h6 44. h5 Rb1 45. Rd7+ Kg8 46. Rd6 Kg7 47. Rg6+ Kh7 48. Rf6 Rb5 49. Kg3 f4+ 50. Kg2 Ra5 51. e4 Ra1 52. e5 Re1 53. e6 Kg7 54. Rg6+ Kh7 55. Kh3 Re2 56. Kg4 Re5 57. Rf6 Kg7 58. Rf7+ Kg8 59. Re7 Kf8 60. Rf7+ Kg8 61. Rd7 Rxe6 62. Kf5 Ra6 63. Re7 Ra3 64. Kf6 1/2-1/2

[Event "AUT-chT2M 9900"]
[Site "Austria"]
[Date "2000.02.13"]
[Round "9.2"]
[White "Hanel, Reinhard"]
[Black "Rolletschek, Heinrich"]
[Result "1/2-1/2"]
[WhiteElo "2343"]
[BlackElo "2267"]
[PlyCount "21"]
[EventDate "1999.??.??"]
[EventType "team"]
[EventRounds "11"]
[EventCountry "AUT"]
[SourceTitle "EXT 2004"]
[Source "ChessBase"]
[SourceDate "2003.11.25"]
[SourceVersion "1"]
[SourceVersionDate "2003.11.25"]
[SourceQuality "1"]

1. c4 g6 2. Nc3 Bg7 3. d4 d6 4. e4 e5 5. Nf3 Ne7 6. dxe5 dxe5 7. Qxd8+ Kxd8 8. Ng5 Ke8 9. Nd5 Na6 10. Bd2 c6 11. Nxe7 1/2-1/2

[Event "Oberwart op"]
[Site "Oberwart"]
[Date "2000.??.??"]
[Round "1"]
[White "Hanel, Reinhard"]
[Black "Rogulj, Branko"]
[Result "1/2-1/2"]
[WhiteElo "2343"]
[BlackElo "2437"]
[PlyCount "75"]
[EventDate "2000.??.??"]
[EventType "swiss"]
[EventRounds "9"]
[EventCountry "AUT"]
[SourceTitle "EXT 2001"]
[Source "ChessBase"]
[SourceDate "2000.11.22"]
[SourceVersion "1"]
[SourceVersionDate "2000.11.22"]
[SourceQuality "1"]

1. c4 c5 2. Nf3 Nc6 3. d4 cxd4 4. Nxd4 Nf6 5. Nc3 e6 6. g3 Qb6 7. Nb3 Ne5 8. e4 Bb4 9. Qe2 d6 10. f4 Ng6 11. Be3 Qc7 12. Bd2 Bd7 13. a3 Bxc3 14. Bxc3 Nxe4 15. Bxg7 Rg8 16. Bd4 Bc6 17. 0-0-0 0-0-0 18. Bg2 Nxf4 19. gxf4 Nc5 20. Nxc5 Rxg2 21. Qe3 dxc5 22. Be5 Rxd1+ 23. Rxd1 Qe7 24. Rd6 f6 25. Qxc5 Rg7 26. Bc3 Rg1+ 27. Kc2 Qc7 28. Qxg1 Qxd6 29. Qg8+ Kc7 30. Qxh7+ Kb6 31. Qd3 Ba4+ 32. Kd2 Qxf4+ 33. Ke1 Kc7 34. Qh7+ Kc6 35. Qh8 Qe3+ 36. Kf1 Bb3 37. Qc8+ Kd6 38. Qd8+ 1/2-1/2

[Event "AUT-chT2M 9899"]
[Site "Austria"]
[Date "1999.02.27"]
[Round "8"]
[White "Hanel, Reinhard"]
[Black "Steiner, Guenter"]
[Result "1-0"]
[WhiteElo "2360"]
[BlackElo "2240"]
[PlyCount "47"]
[EventDate "1998.11.??"]
[EventType "team-swiss"]
[EventRounds "11"]
[EventCountry "AUT"]
[SourceTitle "EXT 2000"]
[Source "ChessBase"]
[SourceDate "1999.11.16"]
[SourceVersion "1"]
[SourceVersionDate "1999.11.16"]
[SourceQuality "1"]

1. c4 b6 2. Nc3 Bb7 3. e4 e6 4. a3 c5 5. Nf3 d6 6. d4 cxd4 7. Nxd4 Nf6 8. Bd3 Be7 9. 0-0 0-0 10. Re1 a6 11. b3 Qc7 12. Bb2 Nbd7 13. Rc1 Rac8 14. Bb1 Qb8 15. Qd2 Bd8 16. Rcd1 Bc7 17. Nd5 exd5 18. Nf5 Bd8 19. exd5 Ne5 20. Re3 b5 21. Rh3 g6 22. Bxe5 dxe5 23. Qh6 gxf5 24. Rg3+ 1-0

[Event "AUT-chT2M 9899"]
[Site "Austria"]
[Date "1998.11.28"]
[Round "2"]
[White "Riediger, Martin"]
[Black "Hanel, Reinhard"]
[Result "1/2-1/2"]
[WhiteElo "2210"]
[BlackElo "2360"]
[PlyCount "88"]
[EventDate "1998.11.??"]
[EventType "team-swiss"]
[EventRounds "11"]
[EventCountry "AUT"]
[SourceTitle "EXT 2000"]
[Source "ChessBase"]
[SourceDate "1999.11.16"]
[SourceVersion "1"]
[SourceVersionDate "1999.11.16"]
[SourceQuality "1"]

1. Nf3 c5 2. c4 Nc6 3. Nc3 g6 4. e3 Bg7 5. d4 cxd4 6. exd4 d6 7. d5 Nb8 8. Be2 Nf6 9. 0-0 0-0 10. Re1 Nbd7 11. Bf1 Re8 12. h3 Nc5 13. Be3 a5 14. Nd4 Bd7 15. Qc2 Rc8 16. Rad1 Qc7 17. Be2 Ra8 18. f4 Red8 19. Rf1 e6 20. dxe6 Nxe6 21. Ndb5 Bxb5 22. Nxb5 Qe7 23. Bf3 Rd7 24. Qd2 Nc5 25. Rfe1 Qf8 26. Bd4 Ne6 27. Bc3 d5 28. Bxf6 Bxf6 29. Bxd5 Kg7 30. f5 Nc7 31. Nxc7 Rxc7 32. fxg6 hxg6 33. Rf1 Qb4 34. b3 Qxd2 35. Rxd2 a4 36. Kh1 axb3 37. axb3 Ra1 38. Rdf2 Rxf1+ 39. Rxf1 Bd4 40. g3 Re7 41. Rf4 Bc5 42. Re4 Rd7 43. Kg2 b6 44. Kf3 Ra7 1/2-1/2

[Event "AUT-chT2W 9798"]
[Site "Austria"]
[Date "1997.??.??"]
[Round "4"]
[White "Gaertner, Guntram"]
[Black "Hanel, Reinhard"]
[Result "1/2-1/2"]
[WhiteElo "2340"]
[BlackElo "2330"]
[PlyCount "37"]
[EventDate "1997.??.??"]
[EventType "team"]
[EventRounds "11"]
[EventCountry "AUT"]
[SourceTitle "EXT 1999"]
[Source "ChessBase"]
[SourceDate "1998.11.16"]
[SourceVersion "1"]
[SourceVersionDate "1998.11.16"]
[SourceQuality "1"]

1. d4 g6 2. c4 Bg7 3. Nc3 d6 4. e4 Nc6 5. Be3 e5 6. d5 Nce7 7. g4 c5 8. Bd3 Nf6 9. f3 0-0 10. Qd2 Ne8 11. 0-0-0 f5 12. gxf5 gxf5 13. h4 f4 14. Bf2 Bf6 15. Bf1 a6 16. Kb1 Nc7 17. Na4 Ne8 18. Nc3 Nc7 19. Na4 1/2-1/2

[Event "AUT-chT 9697"]
[Site "Austria"]
[Date "1997.??.??"]
[Round "7"]
[White "Topakian, Raffi"]
[Black "Hanel, Reinhard"]
[Result "1/2-1/2"]
[WhiteElo "2340"]
[BlackElo "2340"]
[PlyCount "68"]
[EventDate "1996.??.??"]
[EventType "team"]
[EventRounds "11"]
[EventCountry "AUT"]
[SourceTitle "CBM 057 Extra"]
[Source "ChessBase"]
[SourceDate "1997.05.01"]
[SourceVersion "1"]
[SourceVersionDate "1997.05.01"]
[SourceQuality "1"]

1. e4 c5 2. Nf3 Nc6 3. d4 cxd4 4. Nxd4 Nf6 5. Nc3 e5 6. Ndb5 d6 7. Bg5 a6 8. Na3 b5 9. Bxf6 gxf6 10. Nd5 f5 11. Bd3 Be6 12. 0-0 Bg7 13. Qh5 f4 14. c4 bxc4 15. Bxc4 0-0 16. Rac1 Rb8 17. b3 Qa5 18. Nb1 Bxd5 19. Bxd5 Nb4 20. Bc4 Nxa2 21. Rcd1 Qb6 22. Rd3 d5 23. Rxd5 Nb4 24. Rd7 Qg6 25. Qxg6 hxg6 26. Rfd1 Bf6 27. Nc3 Rbd8 28. Bxf7+ Rxf7 29. Rxd8+ Bxd8 30. Rxd8+ Kg7 31. Nd5 Rb7 32. g4 Nd3 33. g5 Rxb3 34. Rd7+ Kf8 1/2-1/2

[Event "AUT-chT 9697"]
[Site "Austria"]
[Date "1996.??.??"]
[Round "3"]
[White "Petschar, Kurt"]
[Black "Hanel, Reinhard"]
[Result "1-0"]
[WhiteElo "2270"]
[BlackElo "2350"]
[PlyCount "41"]
[EventDate "1996.??.??"]
[EventType "team"]
[EventRounds "11"]
[EventCountry "AUT"]
[SourceTitle "CBM 057 Extra"]
[Source "ChessBase"]
[SourceDate "1997.05.01"]
[SourceVersion "1"]
[SourceVersionDate "1997.05.01"]
[SourceQuality "1"]

1. e4 c5 2. c3 d5 3. exd5 Qxd5 4. d4 Nc6 5. Nf3 cxd4 6. cxd4 e6 7. Nc3 Qd8 8. a3 Nf6 9. Bd3 Be7 10. 0-0 0-0 11. Be3 b6 12. Qe2 Bb7 13. Rad1 Nd5 14. Qc2 g6 15. Nxd5 exd5 16. Bh6 Re8 17. Bb5 Qd6 18. Rfe1 Bf6 19. Qd3 Rxe1+ 20. Rxe1 a6 21. Bxa6 1-0

[Event "AUT-chT 9697"]
[Site "Austria"]
[Date "1996.??.??"]
[Round "1"]
[White "Stanec, Nikolaus"]
[Black "Hanel, Reinhard"]
[Result "1-0"]
[WhiteElo "2505"]
[BlackElo "2350"]
[PlyCount "71"]
[EventDate "1996.??.??"]
[EventType "team"]
[EventRounds "11"]
[EventCountry "AUT"]
[SourceTitle "CBM 057 Extra"]
[Source "ChessBase"]
[SourceDate "1997.05.01"]
[SourceVersion "1"]
[SourceVersionDate "1997.05.01"]
[SourceQuality "1"]

1. c4 g6 2. d4 Bg7 3. Nc3 d6 4. e4 Nc6 5. Be3 e5 6. d5 Nce7 7. c5 f5 8. cxd6 cxd6 9. Bb5+ Kf7 10. exf5 Nxf5 11. Bd2 Nf6 12. Nf3 Rf8 13. 0-0 Kg8 14. Bd3 Nd4 15. Nxd4 exd4 16. Ne4 Nxe4 17. Bxe4 Qh4 18. Qc2 Bd7 19. g3 Qf6 20. f3 Rae8 21. Qd3 a6 22. a4 Rc8 23. b3 Qd8 24. Rac1 Qb6 25. Kg2 Rxc1 26. Rxc1 Rc8 27. Rxc8+ Bxc8 28. h4 Qc7 29. h5 gxh5 30. Bxh7+ Kh8 31. Bf5 Bxf5 32. Qxf5 Qe7 33. Qe6 Qd8 34. Kh3 Qf8 35. f4 Bf6 36. Qf5 1-0